00692nam a2200229 a 4500001001300000003000900013005001700022008004100039020001000080082002100090100002600111245003100137260002800168300000900196500003500205505004400240650002400284902000800308942000700316952012200323999001700445nice12345678IN_TiNIC20260116013534.0050524s2000 jaia grp 000 0 eng  ac47500a306.0899145bPAN aPanigrahi, Nilakantha aTrading Community of India aJaipurbRawat Pubc2000 a252p aincludes index and biblioraphy2 aCommunal and Ethinic Violence in India. aCaste-India Gujarat bSRS cBK 001040708StackRoom-aHMIbHMId2007-04-02g475.00l0o306.0899145 PANp019535r2007-04-02v475.00w2005-05-24yBK c11386d11386